000 00737nam a2200253Ia 4500
003 OSt
005 20220927110841.0
006 a|||||r|||| 00| 0
007 ta
008 220926b |||||||| |||| 00| 0 eng d
024 _a66690
037 _cReports
040 _aRTL
_cRTL
_beng
041 _2eng
_aeng
082 _a"X76.3.N77t, L7"
110 _aGreat Britain. Expenditure committee
_9380638
245 0 _aNinth report together with the minutes of the evid
260 _aLondon
_bHMSO UK
_c1977
300 _a109p.chapter III.
_ccm.
650 _aExpenditure
700 _aGreat Britain. Expenditure committee
_9380639
942 _h"X76.3.N77t, L7"
_cCC
999 _c698173
_d698173